Lecciones de educación física de 1 enseñanza
Gespeichert in:
| Körperschaft: | |
|---|---|
| Format: | Buch |
| Sprache: | Spanisch |
| Erschienen: |
Madrid :
Falange Española Tradicionalista y de las JONS,
1966
|
| Ausgabe: | 6ª ed. |
| Katalog: | MANES: Suchergebnis im Bibliothekskatalog |
| Schulbuchspezifische Eigenschaften: |
|
| Tags: |
Tag hinzufügen
Keine Tags, Fügen Sie den ersten Tag hinzu!
|
| Hinzugefügt zu: | 09.02.2019 |
| Geändert in: | 07.05.2025 |
MARC
| LEADER | 00000cam a2200000 4500 | ||
|---|---|---|---|
| 005 | 20250507134541.0 | ||
| 008 | 190210S1966 0esp 0000 00spa0d | ||
| 040 | |a uned |b spa |c entro-manes | ||
| 041 | 0 | |a spa | |
| 110 | 2 | |a Falange Española Tradicionalista y de las JONS. |b Sección Femenina . |9 36316 | |
| 245 | 1 | 0 | |a Lecciones de educación física de 1 enseñanza |c Sección Femenina de F.E.T. y de las J.O.N.S. |
| 250 | |a 6ª ed. | ||
| 260 | |a Madrid : |b Falange Española Tradicionalista y de las JONS, |c 1966 | ||
| 300 | |a 50 p. | ||
| 546 | |a España | ||
| 561 | |5 es-BUNED |3 L.T. 1836 |a España. Fondo Manes UNED |k MANES | ||
| 690 | 0 | |a EF | |
| 942 | |2 ddc |c BK | ||
| 999 | |c 97046 |d 97046 | ||
| 999 | |c manes:97046 |d 97046 | ||